00354 a2200133 4500020001100000035001300011037004300024082001000067100001600077245005100093250001800144260003000162300002800192 c320.00 aB-157861 bRP-L-101 / PANSY-06-07:4/ RP-06-07:ENG14a330.11 aAhjua, H.L.1 aModern microeconomicsbtheory and applications a14th rev. ed. aNew DelhibS. Chandc2006 axv, 896 pc24 cm (pbk)